Soundgarden Songs - Sudden Death - Statistics

General Stats
  • This quiz has been taken 25 times
  • The average score is 13 of 20
Answers on the Grid
Answers color-coded by a green-red scale on the quiz's grid according to % correct below.
1979
1984
4th of July
About A Girl
Alive
Black Hole Sun
Black Rain
Blow Up The Outside World
Buddy Holly
Burden In My Hand
Come As You Are
Dumb
Fell On Black Days
Head Down
Hunted Down
Jesus Christ Pose
Let Me Drown
Live To Rise
My Wave
Numb
Nutshell
Outshined
Pretty Noose
Rusty Cage
She Likes Surprises
Spoonman
Superunknown
The Day I Tried To Live
Today
We Die Young
Why Go
Would?
Zero Chance
 
Answer Stats
Answer % Correct
Outshined
85%
Spoonman
85%
Black Hole Sun
80%
Fell On Black Days
80%
Superunknown
80%
4th of July
75%
Burden In My Hand
75%
Rusty Cage
75%
The Day I Tried To Live
75%
Head Down
70%
Jesus Christ Pose
65%
Let Me Drown
65%
My Wave
65%
Blow Up The Outside World
60%
Pretty Noose
60%
Hunted Down
55%
Live To Rise
45%
Zero Chance
45%
Black Rain
40%
She Likes Surprises
40%
No matching quizzes found
Score Distribution
Percent of People with Each Score
Percentile by Number Answered
Your Score History
You have not taken this quiz